| 000 | 00714nam a2200217 a 4500 | ||
|---|---|---|---|
| 001 | 2980 | ||
| 003 | CDMR | ||
| 005 | 20131210170655.0 | ||
| 008 | 130130s1985||||||||||||||||||||||||||||d | ||
| 020 | _a8474911567 | ||
| 040 |
_aCDMR _bcat _cCDMR |
||
| 100 | 1 |
_aSánchez-Bravo Cenjor, Antonio _92191 |
|
| 245 | 1 | 0 |
_aNuevo tratado de estructura de la información _cpor antonio Sánchez-Bravo Cenjor |
| 260 |
_aMadrid _c1985 _bEditorial de la Universidad Complutense |
||
| 300 | _a296 p. | ||
| 650 | 0 | 4 |
_94180 _aSistemes de telecomunicació |
| 650 | 0 | 4 |
_93364 _aTecnologia de la informació |
| 650 | 0 | 4 |
_9405 _aMitjans de comunicació de massa |
| 650 | 0 | 4 |
_92272 _aPeriodisme _xInnovacions tecnològiques |
| 942 |
_cMON _2udc |
||
| 999 |
_c2980 _d2980 |
||